[Event "2nd Irena Warakomska Memorial-A"]
[Site "Suwalki"]
[Date "2018.08.04"]
[Round "5"]
[White "Vetoshko, Volodymyr"]
[Black "Matviishen, Viktor"]
[Result "1/2-1/2"]
[WhiteElo "2525"]
[BlackElo "2437"]
[Annotator "TA"]
[PlyCount "65"]
[EventDate "2018.08.01"]
[EventType "swiss"]
[EventCountry "POL"]
[SourceTitle "playchess.com"]
[Source "ChessBase"]
[SourceQuality "1"]

{[%evp 34,65,22,23,24,27,23,14,28,21,21,13,33,33,46,-8,16,12,12,7,37,-40,0,0,0,0,0,-15,0,0,0,-43,-38,-20]} 1. e4 e5 2. Nf3 Nc6 3. Bb5 {[%cal Bf1b5,Bb5a4,Ba4b3][%mdl 32]} a6 4. Ba4 Nf6 5. O-O Be7 6. Re1 b5 7. Bb3 O-O 8. c3 d6 9. h3 Bb7 10. d4 Re8 11. Ng5 Rf8 12. Nf3 Re8 13. Nbd2 exd4 {C92: Closed Ruy Lopez: 9...Be6, Karpov and Flohr-Zaitsev Variations} 14. cxd4 Nd7 15. Nf1 Na5 16. Bc2 Bf6 17. Ng3 g6 18. Rb1 {LiveBook: 16 Games} c5 19. d5 Nc4 20. b3 Ncb6 {[#]} 21. Bh6 $146 ({Predecessor:} 21. Nh2) 21... a5 22. Nh2 b4 23. Ng4 Bg5 24. f4 (24. a3 $14) 24... Bxh6 25. Nxh6+ Kf8 $1 26. Ng4 Qh4 27. Ne2 (27. Qf3 $1 $14) 27... h5 28. Nh2 a4 29. Nf3 Qf6 $1 30. Qd2 axb3 31. axb3 Kg8 32. Ng5 Ra2 33. Qd1 {Precision: White = 54%, Black = 45%.} 1/2-1/2

[Event "2nd Irena Warakomska Memorial-A"]
[Site "Suwalki"]
[Date "2018.08.04"]
[Round "5"]
[White "Kanarek, Marcel"]
[Black "Lewtak, Damian"]
[Result "0-1"]
[WhiteElo "2518"]
[BlackElo "2369"]
[Annotator "RC"]
[PlyCount "118"]
[EventDate "2018.08.01"]
[EventType "swiss"]
[EventCountry "POL"]
[SourceTitle "playchess.com"]
[Source "ChessBase"]
[SourceQuality "1"]
[TimeControl "40/5400+30:1800+30"]

1. e4 {[%emt 0:00:00]} Nc6 {[%emt 0:00:00]} 2. d4 {[%emt 0:00:29]} e5 {[%emt 0:01:43]} 3. dxe5 {[%emt 0:01:14]} Nxe5 {[%emt 0:00:28]} 4. Nf3 {[%emt 0:00:08]} d6 {[%emt 0:06:28]} 5. Nc3 {[%emt 0:02:58]} Bg4 {[%emt 0:02:44]} 6. Be2 {[%emt 0:00:20]} Nxf3+ {[%emt 0:00:12]} 7. gxf3 {[%emt 0:10:40]} Be6 {[%emt 0:09:21]} 8. Be3 {[%emt 0:00:13]} Nf6 {[%emt 0:00:09]} 9. f4 {[%emt 0:01:22]} g6 {[%emt 0:00:07]} 10. Bf3 {[%emt 0:08:11]} c6 {[%emt 0:00:59]} 11. Qd4 {[%emt 0:02:59]} c5 {[%emt 0:07:55]} 12. Qd3 {[%emt 0:05:35]} Qd7 {[%emt 0:03:49]} 13. a4 {[%emt 0:09:16]} Be7 {[%emt 0:03:41]} 14. a5 {[%emt 0:00:45]} Bg4 {[%emt 0:01:36]} 15. Bg2 {[%emt 0:14:31]} Bh3 {[%emt 0:00:22]} 16. Bf3 {[%emt 0:00:47]} Bg4 {[%emt 0:00:06]} 17. Bg2 {[%emt 0:01:30]} Bh3 {[%emt 0:00:06]} 18. Bxh3 {[%emt 0:00:26]} Qxh3 {[%emt 0:00:06]} 19. e5 {[%emt 0:03:03]} Qf3 {[%emt 0:13:04]} 20. exf6 {[%emt 0:19:16]} Qxh1+ {[%emt 0:00:09]} 21. Ke2 {[%emt 0:10:40]} Qxa1 {[%emt 0:00:10]} 22. Qe4 {[%emt 0:01:49]} O-O-O {[%emt 0:03:07]} 23. fxe7 {[%emt 0:00:09]} Rde8 {[%emt 0:00:05]} 24. Nd5 {[%emt 0:01:29]} Qxb2 {[%emt 0:02:18]} 25. Kf3 {[%emt 0:03:07]} Qb5 {[%emt 0:05:37]} 26. c4 {[%emt 0:00:50]} Qd7 {[%emt 0:01:19]} 27. a6 {[%emt 0:00:44]} bxa6 {[%emt 0:03:19]} 28. Nf6 {[%emt 0:00:42]} Qb7 {[%emt 0:02:19]} 29. Nd5 {[%emt 0:00:11]} Kb8 {[%emt 0:02:32]} 30. Bd2 {[%emt 0:00:01]} Qd7 {[%emt 0:02:56]} 31. Qb1+ {[%emt 0:00:45]} Kc8 {[%emt 0:01:44]} 32. Qa1 {[%emt 0:00:18]} Rhg8 {[%emt 0:05:50]} 33. Qxa6+ {[%emt 0:00:48]} Kb8 {[%emt 0:00:07]} 34. Ba5 {[%emt 0:01:10]} Rc8 {[%emt 0:00:08]} 35. Bc3 {[%emt 0:00:31]} Rge8 {[%emt 0:01:21]} 36. Bf6 {[%emt 0:00:22]} Qc6 {[%emt 0:01:51]} 37. Qa5 {[%emt 0:00:30]} Kb7 {[%emt 0:01:43]} 38. Kg2 {[%emt 0:00:36]} Rc7 {[%emt 0:05:02]} 39. Kg3 {[%emt 0:00:21]} Kc8 {[%emt 0:01:20]} 40. h3 {[%emt 0:00:00]} Qb7 {[%emt 0:00:00]} 41. Nxc7 {[%emt 0:22:10]} Qxc7 {[%emt 0:04:54]} 42. Qa6+ {[%emt 0:00:03]} Kd7 {[%emt 0:03:24]} 43. Qa4+ {[%emt 0:00:12]} Ke6 {[%emt 0:09:50]} 44. Qxe8 {[%emt 0:00:40]} Kxf6 {[%emt 0:00:05]} 45. Qh8+ {[%emt 0:04:00]} Kxe7 {[%emt 0:00:11]} 46. Qxh7 {[%emt 0:00:14]} Qb7 {[%emt 0:02:29]} 47. f5 {[%emt 0:03:25]} Qe4 {[%emt 0:00:43]} 48. Qg8 {[%emt 0:03:16]} Qxf5 {[%emt 0:00:12]} 49. Qa8 {[%emt 0:00:07]} Qd3+ {[%emt 0:00:31]} 50. f3 {[%emt 0:00:01]} Qxc4 {[%emt 0:00:08]} 51. Qxa7+ {[%emt 0:00:05]} Kf6 {[%emt 0:00:06]} 52. Qb8 {[%emt 0:00:15]} Qd4 {[%emt 0:00:30]} 53. Qh8+ {[%emt 0:00:46]} Ke7 {[%emt 0:00:06]} 54. Qc8 {[%emt 0:00:25]} g5 {[%emt 0:02:01]} 55. Qc7+ {[%emt 0:00:39]} Kf6 {[%emt 0:00:36]} 56. Qd8+ {[%emt 0:00:07]} Kg6 {[%emt 0:00:11]} 57. Qg8+ {[%emt 0:00:28]} Qg7 {[%emt 0:00:08]} 58. Qc8 {[%emt 0:00:23]} Qe5+ {[%emt 0:00:17]} 59. Kg2 {[%emt 0:00:07]} Kg7 {[%emt 0:00:08]} 0-1

[Event "2nd Irena Warakomska Memorial-A"]
[Site "Suwalki"]
[Date "2018.08.04"]
[Round "5"]
[White "Shtembuliak, Evgeny"]
[Black "Tomczak, Jacek"]
[Result "0-1"]
[WhiteElo "2518"]
[BlackElo "2596"]
[Annotator "ChessBase"]
[PlyCount "120"]
[EventDate "2018.08.01"]
[EventType "swiss"]
[EventCountry "POL"]
[SourceTitle "playchess.com"]
[Source "ChessBase"]
[SourceQuality "1"]
[TimeControl "40/5400+30:1800+30"]

1. c4 {[%emt 0:00:00]} e5 {[%emt 0:00:00]} 2. Nc3 {[%emt 0:00:24]} Nf6 {[%emt 0:00:12]} 3. Nf3 {[%emt 0:00:10]} Nc6 {[%emt 0:00:52]} 4. e3 {[%emt 0:00:12]} Be7 {[%emt 0:01:01]} 5. Qb3 {[%emt 0:05:03]} O-O {[%emt 0:04:21]} 6. Be2 {[%emt 0:00:57]} b6 {[%emt 0:14:42]} 7. O-O {[%emt 0:01:21]} Bb7 {[%emt 0:00:17]} 8. d3 {[%emt 0:06:59]} d6 9. a3 {[%emt 0:01:57]} Qd7 {[%emt 0:18:27]} 10. d4 {[%emt 0:03:23]} Qf5 {[%emt 0:06:15]} 11. d5 {[%emt 0:09:09]} Nb8 {[%emt 0:02:31]} 12. e4 {[%emt 0:03:44]} Nxe4 {[%emt 0:12:55]} 13. Qc2 {[%emt 0:00:05]} Ng3 {[%emt 0:00:06]} 14. Bd3 {[%emt 0:00:06]} e4 {[%emt 0:00:06]} 15. Nxe4 {[%emt 0:02:03]} Nxe4 {[%emt 0:00:03]} 16. Bxe4 {[%emt 0:00:06]} Qh5 {[%emt 0:00:04]} 17. Bf5 {[%emt 0:12:32]} Bc8 {[%emt 0:00:57]} 18. Bxc8 {[%emt 0:01:05]} Rxc8 {[%emt 0:00:03]} 19. Re1 {[%emt 0:00:52]} Bf8 {[%emt 0:08:29]} 20. b4 {[%emt 0:11:46]} c6 {[%emt 0:04:53]} 21. Qb3 {[%emt 0:04:09]} cxd5 {[%emt 0:03:42]} 22. cxd5 {[%emt 0:00:02]} Nd7 {[%emt 0:00:06]} 23. Bb2 {[%emt 0:01:23]} b5 {[%emt 0:00:29]} 24. Nd4 {[%emt 0:16:37]} a6 {[%emt 0:01:20]} 25. Nc6 {[%emt 0:01:23]} Nb6 {[%emt 0:01:51]} 26. Rad1 {[%emt 0:03:24]} Re8 {[%emt 0:00:13]} 27. Rxe8 {[%emt 0:00:05]} Rxe8 {[%emt 0:00:02]} 28. h3 {[%emt 0:00:05]} Qe2 {[%emt 0:05:46]} 29. Bc1 {[%emt 0:01:38]} Qc4 {[%emt 0:02:52]} 30. Qxc4 {[%emt 0:01:03]} Nxc4 {[%emt 0:00:03]} 31. Kf1 {[%emt 0:00:15]} Be7 {[%emt 0:04:36]} 32. Re1 {[%emt 0:12:09]} Kf8 {[%emt 0:00:04]} 33. f3 {[%emt 0:01:12]} h6 {[%emt 0:05:10]} 34. Re4 {[%emt 0:01:08]} Bg5 {[%emt 0:00:14]} 35. Bxg5 {[%emt 0:00:32]} hxg5 {[%emt 0:00:04]} 36. Ke2 {[%emt 0:00:22]} Nb6 {[%emt 0:01:23]} 37. Nd4 {[%emt 0:00:33]} g6 {[%emt 0:00:55]} 38. g3 {[%emt 0:00:26]} Nxd5 {[%emt 0:00:13]} 39. Rxe8+ {[%emt 0:00:14]} Kxe8 {[%emt 0:00:02]} 40. Kd3 {[%emt 0:00:00]} Kd7 {[%emt 0:00:00]} 41. Nc2 {[%emt 0:01:30]} Nf6 {[%emt 0:04:16]} 42. Nd4 {[%emt 0:00:51]} Nd5 {[%emt 0:03:33]} 43. Nc2 {[%emt 0:01:34]} Nc7 {[%emt 0:01:54]} 44. Ne3 {[%emt 0:03:20]} d5 {[%emt 0:01:17]} 45. Nc2 {[%emt 0:03:40]} Ne6 {[%emt 0:01:48]} 46. Ke3 {[%emt 0:08:42]} Kd6 {[%emt 0:00:45]} 47. f4 {[%emt 0:00:12]} gxf4+ {[%emt 0:02:52]} 48. gxf4 {[%emt 0:00:01]} Ke7 {[%emt 0:00:28]} 49. Kf3 {[%emt 0:00:22]} Kf6 {[%emt 0:01:20]} 50. Ne3 {[%emt 0:00:24]} Nd4+ {[%emt 0:00:28]} 51. Kg4 {[%emt 0:00:04]} Ke6 {[%emt 0:00:07]} 52. Kg5 {[%emt 0:00:45]} Nf5 {[%emt 0:03:51]} 53. Nd1 {[%emt 0:02:46]} d4 {[%emt 0:00:33]} 54. Nf2 {[%emt 0:00:04]} Nd6 {[%emt 0:00:50]} 55. h4 {[%emt 0:01:07]} Kd5 {[%emt 0:01:52]} 56. Kh6 {[%emt 0:00:07]} Kc4 {[%emt 0:02:03]} 57. Kg5 {[%emt 0:00:38]} d3 {[%emt 0:00:44]} 58. f5 {[%emt 0:00:26]} Nxf5 {[%emt 0:00:26]} 59. h5 {[%emt 0:00:04]} d2 {[%emt 0:00:23]} 60. h6 {[%emt 0:00:03]} Nxh6 {[%emt 0:00:04]} 0-1

[Event "2nd Irena Warakomska Memorial-A"]
[Site "Suwalki"]
[Date "2018.08.04"]
[Round "5"]
[White "Gleizerov, Evgeny"]
[Black "Stupak, Kirill"]
[Result "1/2-1/2"]
[WhiteElo "2507"]
[BlackElo "2573"]
[Annotator "ChessBase"]
[PlyCount "38"]
[EventDate "2018.08.01"]
[EventType "swiss"]
[EventCountry "POL"]
[SourceTitle "playchess.com"]
[Source "ChessBase"]
[SourceQuality "1"]
[TimeControl "40/5400+30:1800+30"]

1. d4 {[%emt 0:00:00]} Nf6 {[%emt 0:06:22]} 2. c4 {[%emt 0:00:00]} b6 {[%emt 0:00:08]} 3. Nc3 {[%emt 0:00:00]} Bb7 {[%emt 0:00:05]} 4. Qc2 {[%emt 0:00:00]} d5 {[%emt 0:00:12]} 5. Nf3 {[%emt 0:00:09]} e6 {[%emt 0:01:21]} 6. cxd5 {[%emt 0:00:08]} Nxd5 {[%emt 0:00:22]} 7. e4 {[%emt 0:00:09]} Nxc3 {[%emt 0:00:06]} 8. bxc3 {[%emt 0:00:03]} Be7 {[%emt 0:00:08]} 9. Bb5+ {[%emt 0:00:16]} c6 {[%emt 0:00:44]} 10. Bd3 {[%emt 0:00:07]} c5 {[%emt 0:00:08]} 11. Bb5+ {[%emt 0:07:18]} Bc6 {[%emt 0:00:39]} 12. Bxc6+ {[%emt 0:00:40]} Nxc6 {[%emt 0:00:03]} 13. Qa4 {[%emt 0:03:55]} Qd7 {[%emt 0:02:12]} 14. O-O {[%emt 0:01:15]} O-O {[%emt 0:02:54]} 15. Be3 {[%emt 0:00:36]} Ne5 {[%emt 0:05:47]} 16. Qxd7 {[%emt 0:05:08]} Nxd7 {[%emt 0:00:59]} 17. a4 {[%emt 0:01:00]} Rfc8 {[%emt 0:04:54]} 18. Rfb1 {[%emt 0:04:37]} Nf6 {[%emt 0:12:09]} 19. Bg5 {[%emt 0:01:26]} cxd4 {[%emt 0:05:31]} 1/2-1/2

[Event "2nd Irena Warakomska Memorial-A"]
[Site "Suwalki"]
[Date "2018.08.04"]
[Round "5"]
[White "Karthik Venkataraman"]
[Black "Dzhuguryan, Tygran"]
[Result "1/2-1/2"]
[WhiteElo "2502"]
[BlackElo "2179"]
[Annotator "RC"]
[PlyCount "99"]
[EventDate "2018.08.01"]
[EventType "swiss"]
[EventCountry "POL"]
[SourceTitle "playchess.com"]
[Source "ChessBase"]
[SourceQuality "1"]
[TimeControl "40/5400+30:1800+30"]

1. e4 {[%emt 0:00:00]} c6 {[%emt 0:00:00]} 2. d4 {[%emt 0:00:00]} d5 {[%emt 0:00:01]} 3. e5 {[%emt 0:00:00]} Bf5 {[%emt 0:00:19]} 4. Nf3 {[%emt 0:00:00]} e6 {[%emt 0:00:05]} 5. Be2 {[%emt 0:00:00]} Nd7 {[%emt 0:00:16]} 6. O-O {[%emt 0:00:00]} h6 {[%emt 0:00:09]} 7. c3 {[%emt 0:00:44]} Ne7 {[%emt 0:00:16]} 8. a4 {[%emt 0:00:12]} Nc8 {[%emt 0:00:33]} 9. a5 {[%emt 0:01:16]} a6 {[%emt 0:00:06]} 10. b4 {[%emt 0:01:11]} Be7 {[%emt 0:01:05]} 11. Nbd2 {[%emt 0:01:26]} O-O {[%emt 0:01:02]} 12. Ne1 {[%emt 0:00:46]} f6 {[%emt 0:03:22]} 13. f4 {[%emt 0:00:09]} fxe5 {[%emt 0:00:18]} 14. fxe5 {[%emt 0:00:05]} Bg6 {[%emt 0:01:15]} 15. Ndf3 {[%emt 0:00:47]} Na7 {[%emt 0:00:16]} 16. Nd3 {[%emt 0:01:06]} Nb5 {[%emt 0:00:42]} 17. Qe1 {[%emt 0:00:13]} Qe8 {[%emt 0:06:53]} 18. h3 {[%emt 0:00:20]} Be4 {[%emt 0:01:41]} 19. Be3 {[%emt 0:01:01]} Kh8 {[%emt 0:05:04]} 20. Rc1 {[%emt 0:00:17]} Nc7 {[%emt 0:02:20]} 21. Nf4 {[%emt 0:03:34]} g5 {[%emt 0:06:13]} 22. Nd3 {[%emt 0:00:11]} Qg6 {[%emt 0:00:20]} 23. Nf2 {[%emt 0:00:15]} Bf5 {[%emt 0:01:34]} 24. Qd1 {[%emt 0:09:13]} Qh7 {[%emt 0:00:55]} 25. Qd2 {[%emt 0:14:45]} Rg8 {[%emt 0:00:50]} 26. g4 {[%emt 0:01:19]} Bg6 {[%emt 0:03:23]} 27. Nh1 {[%emt 0:00:17]} Raf8 {[%emt 0:16:30]} 28. Ng3 {[%emt 0:00:21]} Nb5 {[%emt 0:00:36]} 29. Rf2 {[%emt 0:03:55]} Rf7 {[%emt 0:00:29]} 30. Rcf1 {[%emt 0:01:19]} Kg7 {[%emt 0:04:20]} 31. Rh2 {[%emt 0:00:39]} Kf8 {[%emt 0:00:07]} 32. h4 {[%emt 0:00:44]} gxh4 {[%emt 0:02:52]} 33. Nxh4 {[%emt 0:00:59]} Rxf1+ {[%emt 0:02:04]} 34. Kxf1 {[%emt 0:00:09]} Ke8 {[%emt 0:08:41]} 35. Nxg6 {[%emt 0:01:49]} Qxg6 {[%emt 0:00:14]} 36. Rxh6 {[%emt 0:00:38]} Qb1+ {[%emt 0:01:15]} 37. Kg2 {[%emt 0:00:05]} Qa1 {[%emt 0:02:03]} 38. Rxe6 {[%emt 0:24:38]} Nf8 {[%emt 0:01:48]} 39. Rxe7+ {[%emt 0:05:18]} Kxe7 {[%emt 0:00:02]} 40. Bg5+ {[%emt 0:00:00]} Ke8 {[%emt 0:00:00]} 41. Nh5 {[%emt 0:04:43]} Qxc3 {[%emt 0:06:49]} 42. Nf6+ {[%emt 0:01:12]} Kf7 {[%emt 0:00:03]} 43. Nxg8 {[%emt 0:00:56]} Kxg8 {[%emt 0:00:17]} 44. Qf4 {[%emt 0:09:12]} Qxd4 {[%emt 0:00:20]} 45. Qf5 {[%emt 0:00:50]} Qxb4 {[%emt 0:06:14]} 46. Bf6 {[%emt 0:10:01]} Qd2 {[%emt 0:03:26]} 47. Kh3 {[%emt 0:02:35]} Nd4 {[%emt 0:01:51]} 48. Qh5 {[%emt 0:00:29]} Qe3+ {[%emt 0:00:44]} 49. Kh4 {[%emt 0:00:08]} Qf2+ {[%emt 0:00:37]} 50. Kh3 1/2-1/2

[Event "2nd Irena Warakomska Memorial-A"]
[Site "Suwalki"]
[Date "2018.08.04"]
[Round "5"]
[White "Leniart, Arkadiusz"]
[Black "Bernadskiy, Vitaliy"]
[Result "0-1"]
[WhiteElo "2498"]
[BlackElo "2544"]
[Annotator "TA"]
[PlyCount "70"]
[EventDate "2018.08.01"]
[EventType "swiss"]
[EventCountry "POL"]
[SourceTitle "playchess.com"]
[Source "ChessBase"]
[SourceQuality "1"]

{[%evp 10,70,25,3,0,0,-6,-11,0,0,10,0,0,0,10,0,0,0,0,0,0,-15,-7,0,0,0,0,-20,0,-28,-20,-16,-25,-18,-16,-20,0,0,0,-922,-893,-919,-915,-912,-905,-1437,-1428,-1613,-1601,-29983,-29984,-29972,-29968,-29967,-29968,-29946,-29960,-304,-12845,-5712,-4814,-29991,-29992]} 1. d4 e6 2. c4 Bb4+ 3. Bd2 a5 4. e4 d5 5. cxd5 (5. a3 Bxd2+ 6. Nxd2 Ne7 7. Ngf3 Nbc6 8. Be2 O-O 9. O-O b6 10. cxd5 exd5 11. e5 Nf5 12. Nb1 f6 {0-1 (35) Bekker Jensen,S (2460)-Edouard,R (2648) Grosseto Prugna 2016}) 5... exd5 6. e5 {LiveBook: 17 Games. A40: Unusual replies to 1 d4} c5 7. Bxb4 axb4 8. dxc5 {The position is equal.} Nc6 $146 ({Predecessor:} 8... Ne7 9. Nf3 O-O 10. Bd3 Nec6 11. Qc2 h6 12. O-O Nd7 {0-1 (34) Tesic,D (2348)-Leroy,D (2285) Trieste 2012}) 9. Nf3 Nge7 10. Nbd2 Ng6 11. Bb5 O-O 12. Bxc6 bxc6 13. O-O f6 14. e6 Bxe6 15. h3 Re8 16. Re1 Qc7 17. Qb3 Qf4 18. Re2 Bf7 19. g3 Qf5 20. Rxe8+ Rxe8 21. Qxb4 Qxh3 {aiming for ...d4!} 22. Qd4 h5 23. a4 Re4 $40 {[%mdl 128] Black mounts an attack.} 24. Qd3 $2 {[%mdl 8192] [#]} (24. Nxe4 $11 dxe4 25. Qxe4) 24... Nf4 $1 $19 {[%mdl 512]} 25. gxf4 Rxf4 {[%cal Rf4g4]} 26. Nf1 Rxf3 27. Qd4 Bg6 {( -> ...Be4)} 28. Re1 Rf5 29. Ng3 Rg5 30. Qf4 Be4 31. Rxe4 dxe4 32. Qxe4 h4 {[%cal Bh5h4,Bh4g3][%mdl 32]} 33. Qe8+ Kh7 34. Qe4+ f5 35. Qe3 hxg3 {Precision: White = 49%, Black = 64%.} 0-1

[Event "2nd Irena Warakomska Memorial-A"]
[Site "Suwalki"]
[Date "2018.08.04"]
[Round "5"]
[White "Caspi, Israel"]
[Black "Aleksandrov, Aleksej"]
[Result "0-1"]
[WhiteElo "2454"]
[BlackElo "2585"]
[Annotator "ChessBase"]
[PlyCount "148"]
[EventDate "2018.08.01"]
[EventType "swiss"]
[EventCountry "POL"]
[SourceTitle "playchess.com"]
[Source "ChessBase"]
[SourceQuality "1"]
[TimeControl "40/5400+30:1800+30"]

1. e4 {[%emt 0:00:00]} e5 {[%emt 0:00:33]} 2. Nf3 {[%emt 0:00:00]} Nc6 {[%emt 0:00:04]} 3. Bb5 {[%emt 0:00:00]} a6 {[%emt 0:00:04]} 4. Ba4 {[%emt 0:00:00]} Nf6 {[%emt 0:00:04]} 5. O-O {[%emt 0:00:00]} Be7 {[%emt 0:00:06]} 6. Re1 {[%emt 0:00:07]} b5 {[%emt 0:00:04]} 7. Bb3 {[%emt 0:00:04]} O-O {[%emt 0:00:05]} 8. c3 {[%emt 0:01:43]} d6 {[%emt 0:00:11]} 9. h3 {[%emt 0:00:10]} Nd7 {[%emt 0:01:25]} 10. d4 {[%emt 0:00:20]} Bf6 {[%emt 0:00:03]} 11. a4 {[%emt 0:04:11]} Rb8 {[%emt 0:00:06]} 12. axb5 {[%emt 0:03:20]} axb5 {[%emt 0:00:04]} 13. Be3 {[%emt 0:05:33]} Ne7 {[%emt 0:04:58]} 14. d5 {[%emt 0:07:50]} Nb6 {[%emt 0:00:09]} 15. Na3 {[%emt 0:04:25]} Bd7 {[%emt 0:00:03]} 16. Nc2 {[%emt 0:18:49]} h6 {[%emt 0:06:28]} 17. Nb4 {[%emt 0:02:38]} Kh7 {[%emt 0:00:17]} 18. Ra7 {[%emt 0:10:15]} Nec8 {[%emt 0:04:02]} 19. Ra6 {[%emt 0:05:25]} Qe8 {[%emt 0:00:07]} 20. Bc2 {[%emt 0:01:37]} g6 {[%emt 0:01:29]} 21. Kh2 {[%emt 0:04:04]} Bg7 {[%emt 0:01:04]} 22. g4 {[%emt 0:00:06]} Na4 {[%emt 0:10:36]} 23. Nc6 {[%emt 0:02:16]} Rb7 {[%emt 0:00:39]} 24. Na5 {[%emt 0:02:02]} Rb8 {[%emt 0:00:01]} 25. Nc6 {[%emt 0:00:39]} Rb7 {[%emt 0:00:09]} 26. Nd2 {[%emt 0:19:55]} Ne7 {[%emt 0:02:51]} 27. Na5 {[%emt 0:02:51]} Rb8 {[%emt 0:01:24]} 28. Ra7 {[%emt 0:00:41]} Ra8 {[%emt 0:01:27]} 29. Bxa4 {[%emt 0:01:54]} Rxa7 {[%emt 0:05:09]} 30. Bxa7 {[%emt 0:00:05]} bxa4 {[%emt 0:00:22]} 31. Be3 {[%emt 0:00:57]} f5 {[%emt 0:00:40]} 32. f3 {[%emt 0:00:25]} h5 {[%emt 0:09:09]} 33. Nac4 {[%emt 0:00:16]} Bh6 {[%emt 0:01:00]} 34. Bxh6 {[%emt 0:01:20]} Kxh6 {[%emt 0:00:02]} 35. Ne3 {[%emt 0:00:48]} Qb8 {[%emt 0:15:16]} 36. Qc1 {[%emt 0:00:05]} f4 {[%emt 0:01:16]} 37. Nc2 {[%emt 0:00:57]} Qb6 {[%emt 0:01:16]} 38. Re2 {[%emt 0:00:39]} g5 {[%emt 0:01:52]} 39. Nb4 {[%emt 0:01:11]} hxg4 {[%emt 0:00:20]} 40. hxg4 {[%emt 0:00:00]} Kg7 {[%emt 0:00:00]} 41. Qg1 {[%emt 0:02:58]} Rh8+ {[%emt 0:10:53]} 42. Kg2 {[%emt 0:00:08]} Qb8 {[%emt 0:03:00]} 43. Nd3 {[%emt 0:04:49]} Ng6 {[%emt 0:07:50]} 44. c4 {[%emt 0:04:26]} Qa8 {[%emt 0:07:54]} 45. Re1 {[%emt 0:09:12]} Rh4 {[%emt 0:08:09]} 46. Nf2 {[%emt 0:01:56]} Qa5 {[%emt 0:00:51]} 47. Re2 {[%emt 0:01:06]} Rh8 {[%emt 0:05:19]} 48. Qc1 {[%emt 0:01:26]} Ra8 {[%emt 0:03:15]} 49. Nd3 {[%emt 0:02:50]} Kf6 {[%emt 0:01:20]} 50. Rf2 {[%emt 0:01:14]} Qa7 {[%emt 0:03:00]} 51. Qc3 {[%emt 0:04:08]} Rh8 {[%emt 0:02:19]} 52. c5 {[%emt 0:00:09]} Bb5 {[%emt 0:00:17]} 53. Nc4 {[%emt 0:00:30]} Qb8 {[%emt 0:06:22]} 54. cxd6 {[%emt 0:00:53]} cxd6 {[%emt 0:00:05]} 55. Qb4 {[%emt 0:01:00]} Nh4+ {[%emt 0:00:38]} 56. Kf1 {[%emt 0:01:04]} Rc8 {[%emt 0:00:27]} 57. Rc2 {[%emt 0:00:46]} Nxf3 {[%emt 0:00:52]} 58. Kf2 {[%emt 0:00:42]} Nd4 {[%emt 0:02:18]} 59. Rc3 {[%emt 0:00:13]} Bxc4 {[%emt 0:00:29]} 60. Rxc4 {[%emt 0:01:32]} Qxb4 {[%emt 0:00:12]} 61. Rxb4 {[%emt 0:00:05]} Rc2+ {[%emt 0:00:12]} 62. Kf1 {[%emt 0:00:20]} Rd2 {[%emt 0:01:02]} 63. Nf2 {[%emt 0:00:05]} Nc2 {[%emt 0:02:27]} 64. Rxa4 {[%emt 0:00:18]} Ne3+ {[%emt 0:00:05]} 65. Kg1 {[%emt 0:00:11]} Rxb2 {[%emt 0:00:07]} 66. Ra1 {[%emt 0:01:16]} Ke7 {[%emt 0:00:07]} 67. Ra7+ {[%emt 0:01:19]} Kd8 {[%emt 0:00:16]} 68. Ra6 {[%emt 0:00:04]} Kc7 {[%emt 0:00:08]} 69. Rc6+ {[%emt 0:00:13]} Kd7 {[%emt 0:00:04]} 70. Rc1 {[%emt 0:00:04]} f3 {[%emt 0:03:46]} 71. Ra1 {[%emt 0:00:21]} Nxg4 {[%emt 0:00:14]} 72. Ra7+ {[%emt 0:00:31]} Kc8 {[%emt 0:00:09]} 73. Nxg4 {[%emt 0:00:56]} Rg2+ {[%emt 0:00:03]} 74. Kf1 {[%emt 0:00:04]} Rxg4 {[%emt 0:00:05]} 0-1

[Event "2nd Irena Warakomska Memorial-A"]
[Site "Suwalki"]
[Date "2018.08.04"]
[Round "5"]
[White "Grib, Roman"]
[Black "Paszewski, Mateusz"]
[Result "1/2-1/2"]
[WhiteElo "2431"]
[BlackElo "2274"]
[Annotator "TA"]
[PlyCount "32"]
[EventDate "2018.08.01"]
[EventType "swiss"]
[EventCountry "POL"]
[SourceTitle "playchess.com"]
[Source "ChessBase"]
[SourceQuality "1"]

{[%evp 17,32,-57,-45,-68,-25,-34,-13,-45,-22,-38,-35,-43,-43,-47,-18,-23,-6]} 1. e4 c6 2. Nf3 d5 3. Nc3 Nf6 (3... Bg4 4. h3 Bxf3 5. Qxf3 e6 6. d4 dxe4 7. Qxe4 Nf6 8. Qd3 Na6 9. a3 Qb6 10. Be2 Be7 11. O-O O-O 12. Rd1 Rfd8 13. b4 Nc7 14. Na4 Qb5 {½-½ (39) Vachier Lagrave,M (2794)-Ivanchuk,V (2732) Germany 2018}) 4. Qe2 d4 5. Nb1 c5 6. d3 {B11: Caro-Kann: Two Knights Variation} Nc6 7. g3 e5 8. Bg2 Be7 9. O-O O-O {LiveBook: 7 Games} 10. Nbd2 $146 ({Predecessor:} 10. h3 Ne8 11. Nbd2 {0-1 (39) Fernandez Lopez,J (2143)-Sos Andreu,E (2362) La Massana 2015}) 10... Ne8 11. Nc4 f6 12. a4 Be6 13. Nh4 Nd6 14. Nxd6 Bxd6 15. Nf5 Re8 16. h4 Qd7 1/2-1/2